000 02496cam a2200385 i 4500
001 19037063
005 20221222131735.0
008 160331s2016 nyu b 001 0 eng
010 _a 2016010018
020 _a9781627793810 (hardcover)
020 _a9781250114310 (international, sold outside the U.S., subject to rights availability)
040 _aDLC
_beng
_cDLC
_erda
042 _apcc
043 _an-us---
050 0 0 _aJZ1480
_b.C477 2016
082 0 0 _a327.73,CHO
_223
084 _aPOL011000
_aHIS037080
_2bisacsh
100 1 _aChomsky, Noam,
_eauthor.
_922959
245 1 0 _aWho rules the world? /
_cNoam Chomsky.
250 _aFirst U.S. edition.
264 1 _aNew York :
_bMetropolitan Books, Henry Holt and Company,
_c2016.
300 _aviii, 307 pages ;
_c25 cm
336 _atext
_btxt
_2rdacontent
337 _aunmediated
_bn
_2rdamedia
338 _avolume
_bnc
_2rdacarrier
505 _aThe Responsibility of Intellectuals, Redux (Page-5), Terrorists Wanted the World Over (Page-22), The Torture Memos and Historical Amnesia (Page-31), The Invisible Hand of Power (Page-44), American Decline: Causes and Consequences (Page-57), Is America Over? (Page-67), Magna Carta, Its Fate, and Ours (Page-84), The Week the World Stood Still (Page-100), The Oslo Accords: Their Context, Their Consequences (Page-115), The Eve of Destruction (Page-128), Israel-Palestine: The Real Options (Page-135), “Nothing for Other People”: Class War in the United States (Page-143), Whose Security? How Washington Protects Itself and the Corporate Sector (Page-149), Outrage (Page-162), How Many Minutes to Midnight? (Page-179), Cease-fires in Which Violations Never Cease (Page-189), The U.S. Is a Leading Terrorist State (Page-198), Obama’s Historic Move (Page-202), “Two Ways About It” (Page-208), One Day in the Life of a Reader of the New York Times (Page-213), “The Iranian Threat”: Who Is the Gravest Danger to World Peace? (Page-218), The Doomsday Clock (Page-230), Masters of Mankind (Page-239).
650 0 _aWorld politics
_y21st century.
_98465
650 0 _aPower (Social sciences)
_911467
650 7 _aPOLITICAL SCIENCE / International Relations / General.
_2bisacsh
_997134
650 7 _aHISTORY / Modern / 21st Century.
_2bisacsh
_9105682
651 0 _aUnited States
_xForeign relations
_y21st century.
_9105683
906 _a7
_bcbc
_corignew
_d1
_eecip
_f20
_gy-gencatlg
942 _2ddc
_cBK
_k327.73,CHO
999 _c592781
_d592781